000 00958nas a2200349 4500
001 BR2012007241
003 BR-BrBNA
005 20231205121225.0
007 ta
008 230509b bl.|||p| |||| 00| 00por d
040 _aBR-BrBNA
_bpor
_cBiblioteca Nacional de Agricultura
041 _a(Pt)
072 _aL73
100 1 _aMacedo, T.M.
100 1 _aDittrich, G.
100 1 _aFerreira, A.A.
100 1 _aGanho, R.G.R.
100 1 _aFarias, M.R. de
100 1 _aWerner, J.
100 1 _aMoreira, J.L.
100 1 _aCasagrande, T.A.C.
245 1 _aFribropapiloma cutâneo (Sarcoide)felino: relato de caso
650 _aGATO
650 _aDOENÇA ANIMAL
650 _aNEOPLASIA
650 _aDIAGNÓSTICO
650 _aVETERINÁRIA
650 _aZONA RURAL
773 0 _tMedvep Dermato (Brazil)
_xISSN 2237-2768
_g(2012), v. 2(3) p. 106-109
_wBR2012007241
909 _a202311
_bLúcia
_c55
_dLúcia Elande
942 _2AGRIS
_n0
_cANA
999 _c222418
_d222418